[Event "GER-chT U14 Girls"]
[Site "Magdeburg"]
[Date "2013.12.28"]
[Round "3.4"]
[White "Ketterer, Beatrice"]
[Black "Reinbold, Sorah Marie"]
[Result "0-1"]
[WhiteElo "752"]
[BlackElo "754"]
[PlyCount "66"]
[EventDate "2013.12.27"]
[EventType "team-swiss"]
[EventRounds "4"]
[EventCountry "GER"]
[SourceTitle "EXT 2015"]
[Source "ChessBase"]
[SourceDate "2014.11.20"]
[SourceVersion "1"]
[SourceVersionDate "2014.11.20"]
[SourceQuality "1"]
[WhiteTeam "Karlsruhe"]
[BlackTeam "Endingen"]
[WhiteTeamCountry "GER"]
[BlackTeamCountry "GER"]

1. e4 e5 2. Nf3 Nc6 3. Bc4 Bc5 4. Nc3 Nf6 5. d3 h6 6. 0-0 0-0 7. Nd5 Nd4 8. Nxe5 d6 9. Nxf6+ Qxf6 10. Ng4 Qg6 11. c3 Bxg4 12. f3 Bh3 13. Qd2 Nxf3+ 14. Kh1 Nxd2 15. gxh3 Be3 16. Bxd2 Bxd2 17. d4 Qxe4+ 18. Kg1 Be3+ 19. Rf2 Qf4 20. Raf1 Bxf2+ 21. Rxf2 Qg5+ 22. Rg2 Qc1+ 23. Bf1 Rfe8 24. Kf2 Qd2+ 25. Kg1 Qd1 26. Kf2 Re1 27. Be2 Rxe2+ 28. Kf3 Rxg2+ 29. Kxg2 Re8 30. Kg3 Re4 31. a3 Qd3+ 32. Kg2 Re2+ 33. Kf1 Qd1# 0-1

[Event "GER-chT U18 Girls"]
[Site "Germany"]
[Date "2012.05.05"]
[Round "5.3"]
[White "Ketterer, Beatrice"]
[Black "Kim, Yun Mi"]
[Result "1-0"]
[WhiteElo "785"]
[BlackElo "1064"]
[PlyCount "45"]
[EventDate "2012.05.04"]
[EventType "team-swiss"]
[EventRounds "7"]
[EventCountry "GER"]
[SourceTitle "EXT 2014"]
[Source "ChessBase"]
[SourceDate "2013.11.20"]
[SourceVersion "1"]
[SourceVersionDate "2013.11.20"]
[SourceQuality "1"]
[WhiteTeam "Karlsruhe GG (W)"]
[BlackTeam "Trier (W)"]
[WhiteTeamCountry "GER"]
[BlackTeamCountry "GER"]

1. e4 e5 2. Nf3 Nc6 3. Bc4 Bc5 4. 0-0 d6 5. h3 Be6 6. Bxe6 fxe6 7. d3 Nf6 8. Bg5 0-0 9. Nc3 d5 10. a3 d4 11. Ne2 Be7 12. b4 b5 13. a4 a6 14. c3 Qd6 15. Qb3 Nd7 16. Bxe7 Qxe7 17. cxd4 exd4 18. Nexd4 Nxb4 19. Nxe6 Rfc8 20. Nxc7+ Kh8 21. Nxa8 Rxa8 22. axb5 Nc5 23. Qxb4 1-0

[Event "GER-chT U18 Girls"]
[Site "Germany"]
[Date "2012.05.05"]
[Round "4.3"]
[White "Reiter, Nicole"]
[Black "Ketterer, Beatrice"]
[Result "0-1"]
[WhiteElo "794"]
[BlackElo "785"]
[PlyCount "117"]
[EventDate "2012.05.04"]
[EventType "team-swiss"]
[EventRounds "7"]
[EventCountry "GER"]
[SourceTitle "EXT 2014"]
[Source "ChessBase"]
[SourceDate "2013.11.20"]
[SourceVersion "1"]
[SourceVersionDate "2013.11.20"]
[SourceQuality "1"]
[WhiteTeam "Hamburg CPG (W)"]
[BlackTeam "Karlsruhe GG (W)"]
[WhiteTeamCountry "GER"]
[BlackTeamCountry "GER"]

1. e4 e5 2. Nf3 Nc6 3. Bc4 Nf6 4. d3 Bc5 5. Nc3 h6 6. Be3 Bxe3 7. fxe3 d6 8. d4 0-0 9. Qe2 Bg4 10. 0-0-0 Qe7 11. h3 Bh5 12. d5 Nb4 13. Kb1 Bg6 14. Bd3 c6 15. Nh4 Bxe4 16. Nxe4 Nxe4 17. Bxe4 Qxh4 18. Qg4 Qxg4 19. hxg4 Rfd8 20. Rh5 f6 21. a3 Nxd5 22. Bxd5+ cxd5 23. Rxd5 Rac8 24. b4 Rc3 25. Kb2 Rxe3 26. Rh4 Rg3 27. Rd2 e4 28. Re2 e3 29. Kc3 Kh7 30. Kd3 g5 31. Rh3 Rxg4 32. Rexe3 Rxg2 33. Re7+ Kg6 34. Rxb7 g4 35. Re3 Kg5 36. Rxa7 Kh4 37. Rh7 h5 38. b5 Rg1 39. b6 Rb8 40. Re6 g3 41. Rxf6 Rxb6 42. Rg7 Kh3 43. Rfg6 h4 44. c4 Rb2 45. a4 g2 46. Rxg2 Rgxg2 47. Rxg2 Kxg2 48. Kd4 Ra2 49. Kd5 Rxa4 50. c5 dxc5 51. Kxc5 Re4 52. Kd5 Kf3 53. Kd6 Kf4 54. Kd5 Kf5 55. Kd6 Re5 56. Kd7 Re6 57. Kd8 Kf6 58. Kd7 Kf7 59. Kd8 0-1

[Event "Baden-ch U14/20 Girls"]
[Site "Karlsruhe Durlach"]
[Date "2012.01.03"]
[Round "4"]
[White "Richter, Eva"]
[Black "Ketterer, Beatrice"]
[Result "1-0"]
[WhiteElo "1014"]
[BlackElo "802"]
[PlyCount "65"]
[EventDate "2012.01.02"]
[EventType "swiss"]
[EventRounds "7"]
[EventCountry "GER"]
[SourceTitle "EXT 2015"]
[Source "ChessBase"]
[SourceDate "2014.11.20"]
[SourceVersion "1"]
[SourceVersionDate "2014.11.20"]
[SourceQuality "1"]

1. e4 e5 2. Nf3 Nc6 3. Bb5 Nf6 4. Nc3 Bb4 5. d3 0-0 6. Bd2 Bxc3 7. Bxc3 d5 8. Bxc6 bxc6 9. Bxe5 Bg4 10. h3 Bh5 11. 0-0 Re8 12. g4 Bg6 13. Bxf6 Qxf6 14. exd5 cxd5 15. d4 Rab8 16. b3 Be4 17. Kg2 Bxf3+ 18. Qxf3 Qxd4 19. Rad1 Qb2 20. Qxd5 Qxc2 21. Qa5 Rb7 22. Rde1 Qc6+ 23. f3 Rf8 24. Rc1 Qd6 25. Rfd1 Qe7 26. Qa6 Rfb8 27. Rd2 c5 28. Rcd1 g6 29. Qd6 Qe3 30. Qf6 Re8 31. Rd8 Kf8 32. Qh8+ Ke7 33. Rxe8# 1-0

[Event "GER-chT U18 Girls"]
[Site "Germany"]
[Date "2011.05.15"]
[Round "7.2"]
[White "Schmieder, Michelle"]
[Black "Ketterer, Beatrice"]
[Result "1-0"]
[WhiteElo "1217"]
[BlackElo "781"]
[PlyCount "47"]
[EventDate "2011.05.13"]
[EventType "team-swiss"]
[EventRounds "7"]
[EventCountry "GER"]
[SourceTitle "EXT 2012"]
[Source "ChessBase"]
[SourceDate "2011.11.24"]
[SourceVersion "1"]
[SourceVersionDate "2011.11.24"]
[SourceQuality "1"]
[WhiteTeam "Aue CWG (W)"]
[BlackTeam "Goethe (W)"]
[WhiteTeamCountry "GER"]
[BlackTeamCountry "GER"]

1. e4 e5 2. Nf3 Nc6 3. d4 exd4 4. Bc4 Bc5 5. c3 dxc3 6. Bxf7+ Kxf7 7. Qd5+ Ke8 8. Qh5+ g6 9. Qxc5 d6 10. Qxc3 Nf6 11. Bg5 Rf8 12. Nbd2 Be6 13. 0-0 d5 14. e5 d4 15. Qc2 Bf5 16. Qd1 Nxe5 17. Nxe5 d3 18. Ndf3 Be4 19. Re1 Bxf3 20. Nxf3+ Kf7 21. Bh6 Re8 22. Qb3+ Re6 23. Ng5+ Ke7 24. Qxe6# 1-0

[Event "GER-chT U18 Girls"]
[Site "Germany"]
[Date "2011.05.14"]
[Round "4.2"]
[White "Holzapfel, Nele"]
[Black "Ketterer, Beatrice"]
[Result "1/2-1/2"]
[WhiteElo "800"]
[BlackElo "781"]
[PlyCount "79"]
[EventDate "2011.05.13"]
[EventType "team-swiss"]
[EventRounds "7"]
[EventCountry "GER"]
[SourceTitle "EXT 2012"]
[Source "ChessBase"]
[SourceDate "2011.11.24"]
[SourceVersion "1"]
[SourceVersionDate "2011.11.24"]
[SourceQuality "1"]
[WhiteTeam "Remplin Benjamins (W)"]
[BlackTeam "Goethe (W)"]
[WhiteTeamCountry "GER"]
[BlackTeamCountry "GER"]

1. e4 e5 2. Nf3 Nc6 3. Bc4 Nf6 4. Nc3 Nxe4 5. Nxe4 d5 6. d3 dxc4 7. dxc4 Qxd1+ 8. Kxd1 Bf5 9. Nc3 Bg4 10. h3 Bxf3+ 11. gxf3 Nd4 12. f4 exf4 13. Bxf4 Bd6 14. Bxd6 cxd6 15. Re1+ Ne6 16. Nd5 Rc8 17. b3 0-0 18. f4 Nd4 19. Ne7+ Kh8 20. Nxc8 Rxc8 21. Kd2 f6 22. Re4 Nf3+ 23. Ke3 Nh4 24. Re1 Nf5+ 25. Kd3 g5 26. fxg5 fxg5 27. Re6 h5 28. b4 g4 29. hxg4 hxg4 30. Rh1+ Kg7 31. c5 dxc5 32. bxc5 Rg8 33. Re5 Kf6 34. Rhe1 g3 35. Ke4 Rg5 36. Rf1 Rg4+ 37. Rf4 Rxf4+ 38. Kxf4 Nh4 39. Rd5 g2 40. Rd1 1/2-1/2

[Event "GER-chT U18 Girls"]
[Site "Germany"]
[Date "2011.05.13"]
[Round "3.2"]
[White "Ketterer, Beatrice"]
[Black "Tworek, Kristina"]
[Result "0-1"]
[WhiteElo "781"]
[BlackElo "800"]
[PlyCount "96"]
[EventDate "2011.05.13"]
[EventType "team-swiss"]
[EventRounds "7"]
[EventCountry "GER"]
[SourceTitle "EXT 2012"]
[Source "ChessBase"]
[SourceDate "2011.11.24"]
[SourceVersion "1"]
[SourceVersionDate "2011.11.24"]
[SourceQuality "1"]
[WhiteTeam "Goethe (W)"]
[BlackTeam "Carolinum Gymn (W)"]
[WhiteTeamCountry "GER"]
[BlackTeamCountry "GER"]

1. e4 e5 2. Nf3 Nc6 3. Nc3 Nf6 4. Bb5 d6 5. 0-0 a6 6. Bxc6+ bxc6 7. d4 Bg4 8. dxe5 dxe5 9. Qxd8+ Rxd8 10. Nxe5 c5 11. Bg5 Be6 12. Rad1 Rxd1 13. Rxd1 Bd6 14. Nc6 h6 15. Bxf6 gxf6 16. a4 Bd7 17. Na5 f5 18. Nc4 Bf4 19. g3 Rg8 20. exf5 Bxf5 21. Rd5 Bxc2 22. Rxc5 f6 23. Rc6 Kf7 24. Rxa6 Bd3 25. Rc6 Bf5 26. a5 Bc1 27. a6 Ra8 28. Nb5 Be4 29. Rxc7+ Ke6 30. a7 Rd8 31. h4 f5 32. Rh7 f4 33. gxf4 Bxf4 34. Kf1 Bxh7 35. Nb6 Be4 36. Nc3 Bb7 37. Nb5 Be5 38. b4 Kf5 39. Ke1 Kg4 40. Ke2 Kxh4 41. Ke3 Kg4 42. f3+ Bxf3 43. Kf2 h5 44. Ke3 h4 45. Kf2 h3 46. Ke3 h2 47. Kf2 h1Q 48. Ke3 Qg1# 0-1

[Event "GER-ch Schools U18 Girls"]
[Site "Germany"]
[Date "2010.05.09"]
[Round "7.2"]
[White "Ketterer, Beatrice"]
[Black "Boehnki, Linda"]
[Result "0-1"]
[WhiteElo "800"]
[BlackElo "800"]
[PlyCount "44"]
[EventDate "2010.05.07"]
[EventType "team-swiss"]
[EventRounds "7"]
[EventCountry "GER"]
[SourceTitle "EXT 2011"]
[Source "ChessBase"]
[SourceDate "2010.11.26"]
[SourceVersion "1"]
[SourceVersionDate "2010.11.26"]
[SourceQuality "1"]
[WhiteTeam "Karlsruhe Suedend (W)"]
[BlackTeam "Blankenburg GaT (W)"]
[WhiteTeamCountry "GER"]
[BlackTeamCountry "GER"]

1. Nf3 d5 2. d4 Nc6 3. Nc3 Nf6 4. Bf4 e5 5. dxe5 Nxe5 6. Bxe5 Ne4 7. Nxe4 dxe4 8. Nd4 Qg5 9. Nb5 Qxe5 10. c4 Bb4+ 11. Nc3 Bxc3+ 12. bxc3 Qxc3+ 13. Qd2 Qxa1+ 14. Qd1 Qxa2 15. Qd5 0-0 16. Qxe4 Be6 17. e3 Rad8 18. Bd3 g6 19. h4 Bf5 20. Qe7 Rxd3 21. Qxc7 Qd2+ 22. Kf1 Qd1# 0-1